000 00716nam a22002297a 4500
003 BUBTL
008 221116b ||||| |||| 00| 0 eng d
020 _a9847002000017
082 _2
_a823.8/ D554g/ 2008
100 _94207
_a Dickens, Charles
245 _aGreat Expectations/
_cCharles Dickens
250 _a1st Edn.
260 _aDhaka:
_bFriends' Book Corner,
_cc2008
300 _alxx, 578 p.:
_c19 cm
440 _94221
_aFriends' Classics
500 _aIncludes Glossary
505 _aGreat Expectations, Charles Dickens, Friends' Classics, English
650 0 _91994
_aEnglish Literature
856 _k0
_l0
_yDownload
942 _2ddc
_cBK
999 _c6792
_d6792